|
|
|
|
| LEADER |
00000nam0a2200000 4500 |
| 001 |
98242 |
| 005 |
20231101214157.0 |
| 035 |
|
|
|a (RuTPU)RU\TPU\book\105289
|
| 090 |
|
|
|a 98242
|
| 100 |
|
|
|a 20060615d1969 km y0rusy50 ca
|
| 101 |
0 |
|
|a rus
|
| 102 |
|
|
|a RU
|
| 105 |
|
|
|a a z 001zy
|
| 200 |
1 |
|
|a Натурные исследования фильтрации
|e теоретические основы
|f В. И. Аравин, О. Н. Носова
|
| 210 |
|
|
|a Ленинград
|c Энергия
|d 1969
|
| 215 |
|
|
|a 256 с.
|c черт.
|
| 320 |
|
|
|a Библиогр.: с. 244-253.
|
| 606 |
|
|
|a Воды грунтовые
|x Фильтрация
|x Строительная механика
|2 stltpush
|3 (RuTPU)RU\TPU\subj\3140
|9 31596
|
| 610 |
1 |
|
|a фильтрация
|
| 610 |
1 |
|
|a исследование
|
| 610 |
1 |
|
|a гидротехнические сооружения
|
| 675 |
|
|
|a 624.131.6
|v 3
|
| 700 |
|
1 |
|a Аравин
|b В. И.
|g Владимир Иванович
|
| 701 |
|
1 |
|a Носова
|b О. Н.
|g Ольга Николаевна
|
| 801 |
|
1 |
|a RU
|b 63413507
|c 20060615
|g PSBO
|
| 801 |
|
2 |
|a RU
|b 63413507
|c 20171227
|g PSBO
|
| 942 |
|
|
|c BK
|